Process systems analysis and control (Record no. 13575)

000 -LEADER
fixed length control field 00578nam a22002051 4500
001 - CONTROL NUMBER
control field 13575
003 - CONTROL NUMBER IDENTIFIER
control field BD-DhUET
008 - FIXED-LENGTH DATA ELEMENTS--GENERAL INFORMATION
fixed length control field 730306s1965 nyua b 000 0 eng
040 ## - CATALOGING SOURCE
Original cataloging agency DLC
Transcribing agency DLC
Modifying agency BD-DhUET
082 ## - DEWEY DECIMAL CLASSIFICATION NUMBER
Classification number 660.284
Item number COU/1965
100 1# - MAIN ENTRY--PERSONAL NAME
Personal name Coughanowr, Donald R.
245 10 - TITLE STATEMENT
Title Process systems analysis and control
250 ## - EDITION STATEMENT
Edition statement 1st ed.
260 ## - PUBLICATION, DISTRIBUTION, ETC. (IMPRINT)
Place of publication, distribution, etc. New York
Name of publisher, distributor, etc. McGraw-Hill
Date of publication, distribution, etc. 1965
300 ## - PHYSICAL DESCRIPTION
Extent xii, 491 p.
Other physical details ill.
Dimensions 21 cm.
490 ## - SERIES STATEMENT
Series statement McGraw-Hill chemical engineering series
650 #0 - SUBJECT ADDED ENTRY--TOPICAL TERM
Topical term or geographic name as entry element Control devices process engineering
700 ## - ADDED ENTRY--PERSONAL NAME
Personal name Koppel, Lowell B.
942 ## - ADDED ENTRY ELEMENTS (KOHA)
Koha item type General Book
Holdings
Withdrawn status Lost status Koha date last borrowed Date acquired Sublocation or collection (holding branch) Piece designation (barcode) Koha full call number Price effective from Damaged status Koha normalized classification for sorting Shelving location Source of classification or shelving scheme Copy number Koha date last seen Koha item type Not for loan Location (home branch) Koha issues (times borrowed)
   2015-03-03Central Library, BUET29699660.284/COU/19652015-03-03 660_284000000000000_COU_1965Circulation section 12015-03-03General Book Central Library, BUET 
  2017-05-092015-03-03Central Library, BUET29689660.284/COU/19652015-03-03 660_284000000000000_COU_1965Circulation section 22017-05-09General Book Central Library, BUET1
   2015-03-03Central Library, BUET29697660.284/COU/19652015-03-03 660_284000000000000_COU_1965Circulation section 32015-03-03General Book Central Library, BUET 
   2015-03-03Central Library, BUET29692660.284/COU/19652015-03-03 660_284000000000000_COU_1965Circulation section 42015-03-03General Book Central Library, BUET 
   2015-03-03Central Library, BUET29698660.284/COU/19652015-03-03 660_284000000000000_COU_1965Circulation section 52015-03-03General Book Central Library, BUET 
   2015-03-03Central Library, BUET29690660.284/COU/19652015-03-03 660_284000000000000_COU_1965Circulation section 62015-03-03General Book Central Library, BUET 
   2015-03-03Central Library, BUET29688660.284/COU/19652015-03-03 660_284000000000000_COU_1965Cataloging to Circulation 72015-03-03General Book Central Library, BUET 
   2015-03-04Central Library, BUET34519660.284/COU/19652015-03-04 660_284000000000000_COU_1965Circulation section 82015-03-04General Book Central Library, BUET 
   2015-05-11Central Library, BUET29694660.284/COU/19652015-05-11 660_284000000000000_COU_1965Circulation section 92015-05-11General Book Central Library, BUET 
   2015-05-11Central Library, BUET29696660.284/COU/19652015-05-11 660_284000000000000_COU_1965Circulation section 102015-05-11General Book Central Library, BUET 
   2015-05-13Central Library, BUET29695660.284/COU/19652015-05-13 660_284000000000000_COU_1965Circulation section 112015-05-13General Book Central Library, BUET 
   2015-05-14Central Library, BUET17869660.284/COU/19652015-05-14 660_284000000000000_COU_1965Circulation section 122015-05-14General Book Central Library, BUET 
   2015-05-18Central Library, BUET15822660.284/COU/19652015-05-18 660_284000000000000_COU_1965Circulation section 132015-05-18General Book Central Library, BUET 
   2015-06-20Central Library, BUET29700660.284/COU/19652015-06-20 660_284000000000000_COU_1965Reading section 142015-06-20General Book Central Library, BUET 
   2015-06-20Central Library, BUET29701660.284/COU/19652015-06-20 660_284000000000000_COU_1965Reading section 152015-06-20General Book Central Library, BUET 
   2015-07-10Central Library, BUET16716660.284/COU/19652015-07-10 660_284000000000000_COU_1965Circulation section 162015-07-10General Book Central Library, BUET